The sagas of Kormak and the Sworn brothers /

Bibliographic Details
Main Author: Hollander, Lee M. (Lee Milton), 1880-1972
Format: Book
Language:English
Icelandic
Published: Princeton : New York, Princeton University Press for the American-Scandinavian Foundation, 1949.

MARC

Tag First Indicator Second Indicator Subfields
LEADER 00000cam a2200000 4500
001 in00000030621
005 20151007062946.0
008 730228s1949 njub 00000 eng u
010 |a  49011928  
035 |a (OCoLC)00566408 
035 |9 AAD6202AM 
040 |c KSU  |d TXA  |d UtOrBLW 
041 1 |a eng  |a ice 
049 |a TXAM  |c [178329] 
050 0 0 |a PT7269.K7  |b E52 
092 |a 839.6  |b H737s 
100 1 |a Hollander, Lee M.  |q (Lee Milton),  |d 1880-1972. 
245 1 4 |a The sagas of Kormak and the Sworn brothers /  |c translated from the old Icelandic, with introd. and notes. 
264 1 |a Princeton :  |b Princeton University Press for the American-Scandinavian Foundation,  |a New York,  |c 1949. 
300 |a xi, 217 pages :  |b map. ;  |c 23 cm. 
336 |a text  |b txt  |2 rdacontent 
337 |a unmediated  |b n  |2 rdamedia 
338 |a volume  |b nc  |2 rdacarrier 
730 0 |a Kormáks saga. 
730 0 |a Fóstbrœðra saga. 
999 |a MARS 
999 f f |s 98f46b26-88d7-32bb-a104-24ead75bc025  |i 14a42566-9b64-3dd2-bc8a-72f66541dc9b  |t 0 
952 f f |p normal  |a Texas A&M University  |b College Station  |c Sterling C. Evans Library  |d Evans: Library Stacks  |t 0  |e PT7269.K7 E52  |h Library of Congress classification  |i unmediated -- volume  |m A14801360183 
998 f f |a PT7269.K7 E52  |t 0  |l Evans: Library Stacks